LIBRARY & INFORMATION CENTRE, KCAET, TAVANUR

ONLINE PUBLIC ACCESS CATALOGUE (OPAC)

George crabbe / (Record no. 2613)

MARC details
000 -LEADER
fixed length control field 00345cam a2200145ua 4500
041 ## - LANGUAGE CODE
Language code of text/sound track or separate title eng
082 ## - DEWEY DECIMAL CLASSIFICATION NUMBER
Classification number 828.09
Item number BRE/GE
100 ## - MAIN ENTRY--AUTHOR NAME
Personal name Brett, R L .
245 ## - TITLE STATEMENT
Title George crabbe /
260 ## - PUBLICATION, DISTRIBUTION, ETC. (IMPRINT)
Place of publication London :
Name of publisher Longaman Green and Co ,
Year of publication 1956.
300 ## - PHYSICAL DESCRIPTION
Number of Pages 44 ; .
942 ## - ADDED ENTRY ELEMENTS (KOHA)
Koha item type Books
Holdings
Withdrawn status Lost status Damaged status Home library Current library Date acquired Full call number Accession Number Koha item type
Withdrawn     KAUAET Sanskrit University 07/04/2012 828.09 5441 Books
free website counter